| 000 | 00357nam a2200133Ia 4500 | ||
|---|---|---|---|
| 008 | 201002s9999 xx 000 0 und d | ||
| 020 | _a978-981-484-683-7 | ||
| 100 | _aRathus, Spencer A. | ||
| 245 |
_cSpencer A. Rathus _aPsychology/ |
||
| 250 | _a5th ed. | ||
| 260 |
_aSingapore: _bCENGAGE _c2019 |
||
| 300 |
_avi, 442 pages _c25 cm. |
||
| 650 | _aPsychology | ||
| 999 |
_c364566 _d364566 |
||